|
|
|
|
| LEADER |
00000nab a2200000 a 4500 |
| 001 |
vtls008158695 |
| 003 |
SK-MaSNL |
| 005 |
20260303074633.0 |
| 008 |
050607c20050217xo dr n 000 00slo |
| 015 |
|
|
|a SVKPORB2005/05
|
| 040 |
|
|
|a SVKPOCL
|b slo
|c SVKPO
|e AACR2
|
| 041 |
0 |
|
|a slo
|
| 044 |
|
|
|a xo
|c SK
|
| 080 |
|
|
|a 353.5
|2 UDC-MRF-SK3
|
| 245 |
0 |
0 |
|a Namiesto Kužmu Slaninka
|b obvodný úrad má od včera nového prednostu
|c [autor] (kw)
|
| 300 |
|
|
|b Fotogr.
|
| 600 |
1 |
7 |
|a Slaninka, Pavel,
|d 1963-
|2 svkpocl
|9 112867
|
| 610 |
2 |
7 |
|a Prešov (Slovensko).
|b Obvodný úrad
|2 svkpocl
|9 188259
|
| 650 |
0 |
7 |
|a prednosta
|x menovanie
|2 svkpocl
|9 1078003
|
| 651 |
|
7 |
|a Prešov (Slovensko)
|2 svkpocl
|9 17347
|
| 773 |
0 |
|
|t Prešovský večerník
|g Roč. XVI, č. 3651 (17.2.2005), s. 2
|x 1336-4030
|
| 852 |
|
|
|a SVKPO
|b KIS3GCP
|
| 999 |
|
|
|c 1772402
|d 1774332
|